00445nam a2200145Ia 450000500170000000800410001704000190005804100120007708200130008924501030010226000360020530000130024165000340025485000110028820240316112051.0131103s9999 xx 000 0 und d aLoreto College aEnglish a373bASS aEducation for CitizenshipbIn Secondary Schools, cThe Association for Education in Citizenship aLondonbOxford universityc1950 ax,263p.  aEducation - Secondary schools aLCLIB